Top 50 najpopularniejszych ras psów - Statystyki

Ogólne statystyki
  • Ten quiz został rozwiązany 135 razy
  • Średni wynik to 16 z 50
Statystyki odpowiedzi
Numer Rasa Psa % Poprawnych
4. Owczarek niemiecki
92%
2. Labrador retriever
77%
6. Jamnik
73%
3. Golden retriever
71%
24. Husky syberyjski
67%
37. Maltańczyk
64%
5. Pudel
62%
1. Buldog francuski
61%
36. Mops
59%
40. Owczarek szkocki (collie)
57%
15. Doberman
56%
47. Dalmatyńczyk
54%
31. Border collie
52%
8. Beagle
47%
32. Chihuahua
45%
19. Dog niemiecki
44%
22. Szpic miniaturowy (pomeranian)
44%
7. Buldog angielski
43%
9. Rottweiler
43%
13. Yorkshire terrier
42%
33. Owczarek belgijski
40%
18. Bokser
38%
12. Owczarek australijski
37%
46. Shiba inu
35%
17. Sznaucer miniaturowy
33%
20. Shih tzu
31%
50. Samojed
30%
11. Welsh corgi pembroke
28%
21. Berneński pies pasterski
27%
38. Mastif
20%
16. Cane corso
16%
34. Basset hound
14%
14. Cavalier king charles spaniel
14%
45. Papillon
12%
39. Cocker spaniel angielski
10%
23. Boston terrier
9%
25. Hawańczyk
9%
26. Owczarek szetlandzki
9%
43. West Highland white terrier
9%
44. Bichon frise
8%
42. Nowofundland
8%
30. Cocker spaniel amerykański
6%
27. Springer spaniel angielski
5%
29. Miniaturowy owczarek australijski
1%
49. Portugalski pies dowodny
1%
41. Rhodesian ridgeback
1%
28. Spaniel bretoński
1%
10. Wyżeł niemiecki krótkowłosy
1%
35. Wyżeł węgierski krótkowłosy
1%
48. Wyżeł weimarski krótkowłosy
1%
Nie znaleziono quizów pasujących do podanych kryteriów
Rozkład punktacji
Procent ludzi z każdym wynikiem
Percentyl według liczby udzielonych odpowiedzi
Twoja historia wyników
Nie rozwiązałeś tego quizu